| 000 | 00697nam a22001937a 4500 | ||
|---|---|---|---|
| 005 | 20090302101459.0 | ||
| 008 | 090302t xxu||||| |||| 00| 0 eng d | ||
| 037 | _bdpl/pub | ||
| 040 | _aDPL | ||
| 245 | _aGreen energy | ||
| 260 |
_aPune _bWorld Institute of Sustainable Energy _c2008- |
||
| 300 |
_av. _c26 cm |
||
| 310 | _abi-monthly | ||
| 500 | _athe bi-monthly journal of textile technology, industry and trade | ||
| 650 | _aSustainable energy | ||
| 270 |
_a49, Hindustan Estate, Road No. 2, Kalyani Nagar _bPune _e390005 _k20-26613832/55 _mgreenenery@wisein.org _l26611438 |
||
| 942 |
_2ddc _cSR _s1 |
||
| 999 |
_c24526 _d24526 |
||